| 000 | 00770nam a22002177a 4500 | ||
|---|---|---|---|
| 999 |
_c20546 _d20546 |
||
| 003 | AR-CdUCM | ||
| 008 | 190531b ||||| |||| 00| 0 spa d | ||
| 040 |
_aMUNICIPALIDAD PROVINCIAL DEL CUSCO _cBIBLIOTECA MUNICIPAL DEL CUSCO |
||
| 082 |
_a512 / _bC88 |
||
| 100 |
_aCrusat Prats, Leopoldo _942954 |
||
| 245 | _aElementos de álgebra / | ||
| 260 |
_aBarcelona : _bLa renaixenca, _c1934. |
||
| 300 |
_a339 páginas ; _bFormulas matemáticas, _c21 cm. |
||
| 500 | _a[libro reempastado] | ||
| 505 | _aContenido: El número natural y las operaciones aritméticas -- El número racional -- El cálculo algebraico... | ||
| 650 |
_aÁlgebra _919778 |
||
| 650 |
_aNúmero racional _942955 |
||
| 650 |
_aOperaciones básicas _942956 |
||
| 942 |
_2ddc _cLIBROS |
||
| 945 | _aAndy | ||